I Am Polar Bear / (Record no. 182243)

MARC details
000 -LEADER
fixed length control field 01498nam a2200301 i 4500
005 - DATE AND TIME OF LATEST TRANSACTION
control field 20211118153712.0
008 - FIXED-LENGTH DATA ELEMENTS--GENERAL INFORMATION
fixed length control field 210224t20192019-usa|||b |||| 00| 0 eng d
020 ## - INTERNATIONAL STANDARD BOOK NUMBER
International Standard Book Number 9781568463322
Terms of availability RM89.50
Qualifying information hardback
040 ## - CATALOGING SOURCE
Original cataloging agency PPAK
Language of cataloging eng
Transcribing agency PPAK
Description conventions rda
082 04 - DEWEY DECIMAL CLASSIFICATION NUMBER
Edition number 23
Classification number 811.54
090 00 - LOCALLY ASSIGNED LC-TYPE CALL NUMBER (OCLC); LOCAL CALL NUMBER (RLIN)
Classification number (OCLC) (R) ; Classification number, CALL (RLIN) (NR) 811.54
Feature heading LEW
Feature heading K
100 1# - MAIN ENTRY--PERSONAL NAME
Personal name Lewis, J. Patrick,
Relator term author.
245 10 - TITLE STATEMENT
Title I Am Polar Bear /
Statement of responsibility, etc. J. Patrick Lewis ; illustrated by Miriam Nerlove ; edited by Kate Riggs and Amy Novesky
250 ## - EDITION STATEMENT
Edition statement First edition
264 #1 - PRODUCTION, PUBLICATION, DISTRIBUTION, MANUFACTURE, AND COPYRIGHT NOTICE
Place of production, publication, distribution, manufacture Mankato, MN :
Name of producer, publisher, distributor, manufacturer Creative Editions,
Date of production, publication, distribution, manufacture, or copyright notice 2019
Date of production, publication, distribution, manufacture, or copyright notice ©2019
300 ## - PHYSICAL DESCRIPTION
Extent [32] pages :
Other physical details colour maps, colour photographs ;
Dimensions 26 cm
336 ## - CONTENT TYPE
Content type term text
Source rdacontent
337 ## - MEDIA TYPE
Media type term unmediated
Source rdamedia
338 ## - CARRIER TYPE
Carrier type term volume
Source rdacarrier
520 ## - SUMMARY, ETC.
Summary, etc. The polar bear is known by many names in different languages—White Bear, Ice Bear, Sea Bear. It is Sailor of the Icebergs, Whale's Curse, Seal's Dread. It is the animal deserving of great respect, the Ever-wandering One, the Master of Helping Spirits, Grandfather, or God's Dog. Whatever its name, what is certain is that this majestic, Arctic animal is threatened by extinction and in need of human protection before it disappears from our world forever.
650 10 - SUBJECT ADDED ENTRY--TOPICAL TERM
Topical term or geographic name entry element Polar bear
General subdivision Arctic regions
Form subdivision Poetry
Topical term or geographic name entry element Polar bear
General subdivision Effect of global warming on
-- Arctic regions
Form subdivision Poetry
700 1# - ADDED ENTRY--PERSONAL NAME
Personal name Nerlove, Miriam,
Relator term illustrator.
Personal name Riggs, Kate,
Relator term editor.
Personal name Novesky, Amy,
Relator term editor.
942 ## - ADDED ENTRY ELEMENTS (KOHA)
Source of classification or shelving scheme Dewey Decimal Classification
Koha item type Book
Holdings
Withdrawn Not for loan Current library Shelving location Date acquired Total Checkouts Full call number Barcode Date last seen Date last checked out Koha item type
    Perpustakaan Alor Setar Pinjaman Kanak-kanak 12/05/2021 2 K 811.54 LEW A01686976 04/10/2023 24/09/2023 Book